Normal view
MARC view
- Human rights
Entry Topical Term
001 - CONTROL NUMBER
- control field: 11216
003 - CONTROL NUMBER IDENTIFIER
- control field: NUST
005 - DATE AND TIME OF LATEST TRANSACTION
- control field: 20180625063954.0
008 - FIXED-LENGTH DATA ELEMENTS
- fixed length control field: 180625|| aca||aabn | a|a d
040 ## - CATALOGING SOURCE
- Original cataloging agency: NUST
- Transcribing agency: NUST
150 ## - HEADING--TOPICAL TERM
- Topical term or geographic name entry element: Human rights
- General subdivision: Kashmir
670 ## - SOURCE DATA FOUND
- Source citation: Work cat.: (NUST): Hussain, Afzal 11215, Kashmir and human rights/, 2016
